[Event "POL-chT U20"]
[Site "Chotowa"]
[Date "2025.06.16"]
[Round "3.1"]
[White "Nagly, Wojciech"]
[Black "Zielonka, Adam"]
[Result "1/2-1/2"]
[WhiteElo "2071"]
[BlackElo "2354"]
[PlyCount "67"]
[EventDate "2025.06.14"]
[EventType "team-tourn"]
[EventRounds "9"]
[EventCountry "POL"]
[SourceTitle "CB27_2025"]
[SourceDate "2025.07.02"]
[SourceVersion "1"]
[SourceVersionDate "2025.07.02"]
[SourceQuality "1"]
[WhiteTeam "Wroclaw Srodmiescie"]
[BlackTeam "Trzebinia Hetman Koronny"]
[WhiteTeamCountry "POL"]
[BlackTeamCountry "POL"]

1. d4 Nf6 2. c4 e6 3. Nc3 Bb4 4. e3 d5 5. Bd2 0-0 6. a3 Be7 7. Nf3 b6 8. Bd3 Ba6 9. Qe2 c5 10. cxd5 Bxd3 11. Qxd3 exd5 12. 0-0 c4 13. Qe2 Nc6 14. Ne5 Rc8 15. f3 Re8 16. Be1 a6 17. Bf2 Bf8 18. Nxc6 Rxc6 19. Qc2 b5 20. Rfe1 Rb6 21. b4 cxb3 22. Qxb3 b4 23. Na4 Rb8 24. Bg3 Rb5 25. axb4 Bxb4 26. Re2 Nh5 27. Qd1 Nxg3 28. hxg3 Qg5 29. Kf2 h5 30. Qh1 Bd6 31. Qh4 Qg6 32. Nc3 Rb3 33. Nxd5 Qe6 34. e4 1/2-1/2

[Event "Menorca op-A 4th"]
[Site "Ciutadella"]
[Date "2025.04.23"]
[Round "2"]
[White "Adhiban, Baskaran"]
[Black "Zielonka, Adam"]
[Result "1-0"]
[WhiteElo "2554"]
[BlackElo "2357"]
[PlyCount "93"]
[EventDate "2025.04.22"]
[EventType "swiss"]
[EventRounds "9"]
[EventCountry "ESP"]
[SourceTitle "CB18_2025"]
[SourceDate "2025.04.30"]
[SourceVersion "1"]
[SourceVersionDate "2025.04.30"]
[SourceQuality "1"]

1. c4 b6 2. d4 Bb7 3. Nc3 Nf6 4. Nf3 e6 5. a3 d5 6. cxd5 Nxd5 7. e3 Nxc3 8. bxc3 Be7 9. Bd3 0-0 10. Qc2 h6 11. Qe2 c5 12. 0-0 Qc7 13. e4 Nd7 14. Bb2 Rac8 15. Rfe1 Bf6 16. g3 Rfd8 17. Rad1 Qb8 18. a4 Qa8 19. h4 Rc7 20. Nh2 cxd4 21. cxd4 e5 22. d5 Be7 23. Ng4 Bd6 24. Ne3 Nc5 25. Nf5 f6 26. Bc2 Bc8 27. Nxd6 Rxd6 28. a5 Ba6 29. Qe3 Qc8 30. Ba3 Qh3 31. axb6 axb6 32. Rc1 g5 33. h5 Qxh5 34. Bd1 Qe8 35. Bxc5 bxc5 36. Rxc5 Rxc5 37. Qxc5 Qd8 38. Bg4 Qb6 39. Qc2 Kg7 40. Rb1 Qa5 41. Kg2 Kh7 42. Bf5+ Kg7 43. Qc1 h5 44. Ra1 Qb6 45. Rxa6 Qxa6 46. Qc7+ Kf8 47. Bg6 1-0

[Event "Titled Tuesday intern op 28th Jan Early"]
[Site "Chess.com INT"]
[Date "2025.01.28"]
[Round "6"]
[White "Kocharin, Timur"]
[Black "Zielonka, Adam"]
[Result "1-0"]
[WhiteElo "2255"]
[BlackElo "2389"]
[PlyCount "93"]
[EventDate "2025.01.28"]
[EventType "swiss (blitz)"]
[EventRounds "11"]
[EventCountry "USA"]
[SourceTitle "CB06_2025"]
[SourceDate "2025.02.05"]
[SourceVersion "1"]
[SourceVersionDate "2025.02.05"]
[SourceQuality "1"]

1. d4 Nf6 2. c4 e6 3. Nc3 Bb4 4. e3 0-0 5. Bd3 c5 6. Nf3 cxd4 7. exd4 d5 8. 0-0 Nc6 9. a3 Be7 10. c5 a5 11. Rb1 b6 12. b4 axb4 13. axb4 Qc7 14. b5 Na5 15. c6 h6 16. Ne5 Bd6 17. Re1 Nc4 18. Bxc4 dxc4 19. h3 Nd5 20. Bd2 Bxe5 21. dxe5 Rd8 22. Qc2 Nxc3 23. Bxc3 Rd5 24. Re4 Rc5 25. Rg4 Kh8 26. Qd2 Ra3 27. Rd4 Rd5 28. Rxd5 exd5 29. e6 Kg8 30. exf7+ Qxf7 31. Re1 Bf5 32. Re3 Ra8 33. Rg3 Bg6 34. Qd4 Rb8 35. h4 h5 36. Qe5 Re8 37. Qg5 Kh7 38. Re3 Rxe3 39. Qxe3 Be4 40. Qxb6 Qg6 41. f3 Bxf3 42. Qf2 Be4 43. Bd4 Qg4 44. c7 Bg6 45. b6 Qc8 46. Qg3 Qb7 47. Qe5 1-0

[Event "Titled Tuesday intern op 28th Jan Early"]
[Site "Chess.com INT"]
[Date "2025.01.28"]
[Round "9"]
[White "Kozlov, Denis1"]
[Black "Zielonka, Adam"]
[Result "0-1"]
[WhiteElo "2123"]
[BlackElo "2389"]
[PlyCount "68"]
[EventDate "2025.01.28"]
[EventType "swiss (blitz)"]
[EventRounds "11"]
[EventCountry "USA"]
[SourceTitle "CB06_2025"]
[SourceDate "2025.02.05"]
[SourceVersion "1"]
[SourceVersionDate "2025.02.05"]
[SourceQuality "1"]

1. e4 c5 2. Nc3 e6 3. Nge2 Nc6 4. g3 Nf6 5. Bg2 d5 6. exd5 exd5 7. d4 cxd4 8. Nxd4 Bg4 9. f3 Bd7 10. 0-0 Be7 11. Nce2 0-0 12. c3 Re8 13. Re1 Bc5 14. Kh1 Rc8 15. Nb3 Bf2 16. Rf1 Bb6 17. Ned4 Ne5 18. Bf4 Nc4 19. Qc2 a5 20. Rad1 a4 21. Nc1 a3 22. b3 Ne3 23. Bxe3 Rxe3 24. c4 dxc4 25. bxc4 Qe8 26. Ncb3 h5 27. Rd2 h4 28. Nf5 h3 29. Bxh3 Re1 30. Rd1 Rxf1+ 31. Bxf1 Rc7 32. Nd6 Qe3 33. Bg2 Ba4 34. Qd3 Qf2 0-1

[Event "Titled Tuesday intern op 28th Jan Early"]
[Site "Chess.com INT"]
[Date "2025.01.28"]
[Round "4"]
[White "Shishkov, Andrei"]
[Black "Zielonka, Adam"]
[Result "0-1"]
[WhiteElo "2340"]
[BlackElo "2389"]
[PlyCount "102"]
[EventDate "2025.01.28"]
[EventType "swiss (blitz)"]
[EventRounds "11"]
[EventCountry "USA"]
[SourceTitle "CB06_2025"]
[SourceDate "2025.02.05"]
[SourceVersion "1"]
[SourceVersionDate "2025.02.05"]
[SourceQuality "1"]

1. d4 Nf6 2. c4 e6 3. Nc3 Bb4 4. Qc2 b6 5. e4 c5 6. d5 Qe7 7. Nge2 exd5 8. exd5 0-0 9. Bd2 d6 10. 0-0-0 Ng4 11. Be1 Qg5+ 12. Qd2 Qxd2+ 13. Kxd2 Re8 14. a3 Ba5 15. h3 Ne5 16. Ng3 f5 17. f4 Ng6 18. Nh5 Nd7 19. Bd3 Nf6 20. Nxf6+ gxf6 21. g3 Bd7 22. Kc2 a6 23. Bd2 Kf7 24. Rb1 Bxc3 25. Bxc3 b5 26. Rbe1 bxc4 27. Bxc4 Bb5 28. Bb3 c4 29. Ba2 Re4 30. Kd2 Rae8 31. Bb1 Rxe1 32. Rxe1 Rxe1 33. Kxe1 Ne7 34. Bb4 Nxd5 35. Bxd6 Ke6 36. Bc5 c3 37. b3 h5 38. a4 Bc6 39. h4 a5 40. Bd3 Nb4 41. Bc4+ Bd5 42. Kd1 Bxc4 43. bxc4 Nd3 44. Bb6 Nb2+ 45. Kc2 Nxc4 46. Kxc3 Nxb6 47. Kd4 Kd6 48. g4 fxg4 49. Ke4 Ke6 50. f5+ Kd6 51. Kd4 Nxa4 0-1

[Event "Titled Tuesday intern op 28th Jan Early"]
[Site "Chess.com INT"]
[Date "2025.01.28"]
[Round "3"]
[White "Zielonka, Adam"]
[Black "Materia, Marco"]
[Result "0-1"]
[WhiteElo "2389"]
[BlackElo "2474"]
[PlyCount "80"]
[EventDate "2025.01.28"]
[EventType "swiss (blitz)"]
[EventRounds "11"]
[EventCountry "USA"]
[SourceTitle "CB06_2025"]
[SourceDate "2025.02.05"]
[SourceVersion "1"]
[SourceVersionDate "2025.02.05"]
[SourceQuality "1"]

1. c4 Nf6 2. Nc3 d6 3. g3 g6 4. Bg2 Bg7 5. e4 0-0 6. Nge2 e5 7. 0-0 c6 8. d3 Na6 9. h3 Nd7 10. f4 exf4 11. Bxf4 Ne5 12. Qd2 Nc5 13. Nc1 f5 14. b4 Ne6 15. N1e2 Nxf4 16. Nxf4 Qb6+ 17. Kh2 Qxb4 18. Rab1 Qa5 19. Qc2 Nxc4 20. dxc4 Qxc3 21. Qxc3 Bxc3 22. Ne2 Be5 23. exf5 Rxf5 24. Rxf5 gxf5 25. Nf4 a5 26. Nd3 Bf6 27. Rb6 Bd4 28. Rb1 Kf7 29. Bf3 Ra6 30. g4 Rb6 31. Rf1 Kg7 32. Kg3 Be6 33. Nf4 Be5 34. gxf5 Bxc4 35. Rc1 Rb4 36. a3 Ra4 37. Bd1 Rxa3+ 38. Kg4 Bf7 39. Ne6+ Kf6 40. Bf3 h5+ 0-1

[Event "Titled Tuesday intern op 21st Jan Late"]
[Site "Chess.com INT"]
[Date "2025.01.21"]
[Round "9"]
[White "Alarcia Astiz, Carlos"]
[Black "Zielonka, Adam"]
[Result "0-1"]
[WhiteElo "2244"]
[BlackElo "2389"]
[PlyCount "94"]
[EventDate "2025.01.21"]
[EventType "swiss (blitz)"]
[EventRounds "11"]
[EventCountry "USA"]
[SourceTitle "CB05_2025"]
[SourceDate "2025.01.29"]
[SourceVersion "1"]
[SourceVersionDate "2025.01.29"]
[SourceQuality "1"]

1. e4 c5 2. Nf3 e6 3. d4 cxd4 4. Nxd4 Nc6 5. f4 Nf6 6. Nc3 Bb4 7. Nxc6 bxc6 8. Bd3 d5 9. e5 Nd7 10. 0-0 g6 11. Ne2 Bb7 12. Kh1 Be7 13. c4 h5 14. cxd5 cxd5 15. Nd4 Qb6 16. Bb5 Rd8 17. Qa4 a6 18. Bc6 Bxc6 19. Nxc6 Nc5 20. Be3 Nxa4 21. Bxb6 Nxb6 22. Nxd8 Kxd8 23. Rfc1 Kd7 24. b3 Ba3 25. Rc2 a5 26. Kg1 h4 27. h3 Nc8 28. Rd1 Ne7 29. Rd4 Nc6 30. Ra4 Be7 31. a3 Rb8 32. Rc3 g5 33. fxg5 Bxg5 34. b4 axb4 35. axb4 Rxb4 36. Ra6 Rc4 37. Rb3 Nxe5 38. Kf2 Rc2+ 39. Kf1 d4 40. Rb7+ Rc7 41. Rbb6 Ke7 42. Rd6 Be3 43. Ke2 Rc2+ 44. Ke1 Rxg2 45. Rdb6 d3 46. Rb7+ Kf6 47. Ra2 Rg1# 0-1

[Event "Titled Tuesday intern op 21st Jan Late"]
[Site "Chess.com INT"]
[Date "2025.01.21"]
[Round "4"]
[White "Zielonka, Adam"]
[Black "Micic, Aleksa"]
[Result "1-0"]
[WhiteElo "2389"]
[BlackElo "2202"]
[PlyCount "123"]
[EventDate "2025.01.21"]
[EventType "swiss (blitz)"]
[EventRounds "11"]
[EventCountry "USA"]
[SourceTitle "CB05_2025"]
[SourceDate "2025.01.29"]
[SourceVersion "1"]
[SourceVersionDate "2025.01.29"]
[SourceQuality "1"]

1. c4 h5 2. Nc3 Nf6 3. e4 e5 4. Nf3 Nc6 5. d4 exd4 6. Nxd4 Bb4 7. Nxc6 bxc6 8. Bd3 d5 9. exd5 Bxc3+ 10. bxc3 cxd5 11. 0-0 0-0 12. Bg5 dxc4 13. Bxc4 Qxd1 14. Raxd1 Ne4 15. Bf4 Nxc3 16. Rc1 Na4 17. Bd5 Rb8 18. Bxc7 Rb2 19. Bb3 Nb6 20. Rfe1 Be6 21. Bxe6 fxe6 22. f3 Nd5 23. Rxe6 Rc8 24. Rec6 Ne3 25. Bf4 Rxc6 26. Rxc6 Rxg2+ 27. Kh1 Re2 28. Bxe3 Rxe3 29. Ra6 Rxf3 30. Rxa7 Rf2 31. Kg1 Rb2 32. Ra5 g6 33. Ra7 h4 34. h3 Kh8 35. a3 Kg8 36. Kh1 Ra2 37. a4 g5 38. Ra5 Kf7 39. Ra6 Ra3 40. Kg2 Ra2+ 41. Kg1 Rb2 42. a5 Ra2 43. Kh1 Kg7 44. Ra8 Kg6 45. a6 Kf5 46. a7 Ra1+ 47. Kg2 Ra2+ 48. Kf3 Ra3+ 49. Ke2 Ra2+ 50. Kd3 Ra3+ 51. Kc2 Ra2+ 52. Kb3 Rxa7 53. Rxa7 Kf4 54. Kc3 Kg3 55. Rg7 Kxh3 56. Rxg5 Kh2 57. Kd2 h3 58. Ke2 Kh1 59. Rh5 h2 60. Kf3 Kg1 61. Rg5+ Kh1 62. Ra5 1-0

[Event "Titled Tuesday intern op 21st Jan Late"]
[Site "Chess.com INT"]
[Date "2025.01.21"]
[Round "8"]
[White "Zielonka, Adam"]
[Black "Slade, Theodore Luke"]
[Result "1-0"]
[WhiteElo "2389"]
[BlackElo "2070"]
[PlyCount "67"]
[EventDate "2025.01.21"]
[EventType "swiss (blitz)"]
[EventRounds "11"]
[EventCountry "USA"]
[SourceTitle "CB05_2025"]
[SourceDate "2025.01.29"]
[SourceVersion "1"]
[SourceVersionDate "2025.01.29"]
[SourceQuality "1"]

1. c4 e6 2. Nf3 d5 3. b3 d4 4. g3 c5 5. Bg2 Nc6 6. 0-0 Nf6 7. e3 Bd6 8. exd4 cxd4 9. d3 0-0 10. Bg5 h6 11. Bxf6 Qxf6 12. Nbd2 e5 13. Ne4 Qe7 14. Nxd6 Qxd6 15. a3 a5 16. Qc2 Bf5 17. Nd2 Rfe8 18. Ne4 Bxe4 19. Bxe4 Rab8 20. Rfc1 Qc5 21. Qd2 b6 22. Rcb1 Nd8 23. b4 axb4 24. axb4 Qc7 25. Ra3 b5 26. c5 Nc6 27. Rba1 Qd7 28. Ra6 Rec8 29. Qe1 f6 30. Qd1 Kh8 31. Qh5 Nxb4 32. Qg6 Kg8 33. Rxf6 Qe8 34. Qh7# 1-0

[Event "Titled Tuesday intern op 07th Jan Early"]
[Site "Chess.com INT"]
[Date "2025.01.07"]
[Round "2"]
[White "Abdurakhmanov, Mukhmmadali"]
[Black "Zielonka, Adam"]
[Result "1-0"]
[WhiteElo "2396"]
[BlackElo "2389"]
[PlyCount "85"]
[EventDate "2025.01.07"]
[EventType "swiss (blitz)"]
[EventRounds "11"]
[EventCountry "USA"]
[SourceTitle "CB03_2025"]
[SourceDate "2025.01.15"]
[SourceVersion "1"]
[SourceVersionDate "2025.01.15"]
[SourceQuality "1"]

1. e4 c5 2. Nf3 e6 3. d4 cxd4 4. Nxd4 Nc6 5. Nc3 a6 6. Be3 Nf6 7. f4 d6 8. Be2 Be7 9. 0-0 0-0 10. Bf3 Bd7 11. Kh1 Rc8 12. Qe1 b5 13. a3 Nxd4 14. Bxd4 Bc6 15. Rd1 Qc7 16. e5 dxe5 17. Bxe5 Qb7 18. Bxc6 Qxc6 19. f5 Rfe8 20. fxe6 Qxe6 21. Bd4 Qxe1 22. Rfxe1 b4 23. axb4 Bxb4 24. Rxe8+ Nxe8 25. Nd5 Bd6 26. c3 f6 27. Bg1 Kf7 28. g3 Rb8 29. b4 Ke6 30. Kg2 Rb5 31. Re1+ Be5 32. c4 Rb8 33. Bc5 Nd6 34. Bxd6 Kxd6 35. Re2 Rc8 36. Ne3 Ke6 37. Ra2 Rb8 38. Rxa6+ Kd7 39. b5 Kc7 40. Nd5+ Kd8 41. Ra7 Rc8 42. Nb6 Rc5 43. Rxg7 1-0

[Event "Titled Tuesday intern op 07th Jan Early"]
[Site "Chess.com INT"]
[Date "2025.01.07"]
[Round "7"]
[White "Rozman, Levy"]
[Black "Zielonka, Adam"]
[Result "1-0"]
[WhiteElo "2353"]
[BlackElo "2389"]
[PlyCount "45"]
[EventDate "2025.01.07"]
[EventType "swiss (blitz)"]
[EventRounds "11"]
[EventCountry "USA"]
[SourceTitle "CB03_2025"]
[SourceDate "2025.01.15"]
[SourceVersion "1"]
[SourceVersionDate "2025.01.15"]
[SourceQuality "1"]

1. c4 b6 2. d4 Bb7 3. Nc3 Nf6 4. f3 d5 5. cxd5 Nxd5 6. e4 Nxc3 7. bxc3 e5 8. Be3 exd4 9. cxd4 Bb4+ 10. Kf2 0-0 11. Bc4 Nd7 12. Ne2 c5 13. Qb3 cxd4 14. Bxd4 Bc5 15. Rhd1 Qe7 16. Qe3 Kh8 17. Rac1 Rae8 18. Bb5 Rd8 19. Bxd7 Rxd7 20. Bxc5 bxc5 21. Rxd7 Qxd7 22. Qxc5 f5 23. Qxf8# 1-0

[Event "Titled Tuesday intern op 07th Jan Early"]
[Site "Chess.com INT"]
[Date "2025.01.07"]
[Round "1"]
[White "Zielonka, Adam"]
[Black "Eid, Fadi"]
[Result "1-0"]
[WhiteElo "2389"]
[BlackElo "2327"]
[PlyCount "137"]
[EventDate "2025.01.07"]
[EventType "swiss (blitz)"]
[EventRounds "11"]
[EventCountry "USA"]
[SourceTitle "CB03_2025"]
[SourceDate "2025.01.15"]
[SourceVersion "1"]
[SourceVersionDate "2025.01.15"]
[SourceQuality "1"]

1. c4 Nc6 2. Nc3 e5 3. e3 Nf6 4. Nf3 d5 5. cxd5 Nxd5 6. Bb5 Nxc3 7. bxc3 Bd6 8. d4 exd4 9. cxd4 0-0 10. 0-0 Bg4 11. h3 Bh5 12. a4 a6 13. Be2 Ne7 14. Ba3 Rb8 15. Qb3 b5 16. axb5 axb5 17. Bxd6 Qxd6 18. Rfc1 Rfc8 19. Rc5 Bxf3 20. Bxf3 c6 21. Rac1 g6 22. g3 h5 23. h4 b4 24. R1c4 Qe6 25. Qb2 Nd5 26. Bxd5 cxd5 27. Rxc8+ Rxc8 28. Rxc8+ Qxc8 29. Qxb4 Qc1+ 30. Kg2 Qc2 31. Qb8+ Kh7 32. Qe5 Qc4 33. Qf4 Kg7 34. g4 hxg4 35. Qxg4 Qc6 36. Qf4 Kg8 37. Qb8+ Kg7 38. Qe5+ Kg8 39. Qf4 Kg7 40. Qg3 Kf8 41. Qe5 Kg8 42. Qg5 Kf8 43. h5 gxh5 44. Qxh5 Ke7 45. Qe5+ Kf8 46. Kf3 Kg8 47. Qg5+ Kf8 48. Qe5 Kg8 49. Kg3 Kf8 50. Qh8+ Ke7 51. Qh4+ Kf8 52. f3 Qg6+ 53. Qg4 Qd6+ 54. Qf4 Qg6+ 55. Kf2 Qc2+ 56. Kg1 Qd1+ 57. Kg2 Qe2+ 58. Kg3 Qe1+ 59. Kg4 Qg1+ 60. Kh3 Qg6 61. Qb8+ Kg7 62. Qg3 f5 63. Qxg6+ Kxg6 64. Kg3 Kg5 65. Kg2 f4 66. e4 Kf6 67. e5+ Ke6 68. Kh3 Kf5 69. Kh4 1-0

[Event "Titled Tuesday intern op 07th Jan Early"]
[Site "Chess.com INT"]
[Date "2025.01.07"]
[Round "4"]
[White "Zielonka, Adam"]
[Black "Garcia Ramos, Daniel"]
[Result "1-0"]
[WhiteElo "2389"]
[BlackElo "2432"]
[PlyCount "105"]
[EventDate "2025.01.07"]
[EventType "swiss (blitz)"]
[EventRounds "11"]
[EventCountry "USA"]
[SourceTitle "CB03_2025"]
[SourceDate "2025.01.15"]
[SourceVersion "1"]
[SourceVersionDate "2025.01.15"]
[SourceQuality "1"]

1. c4 e6 2. Nf3 d5 3. b3 Nf6 4. g3 Be7 5. Bg2 0-0 6. 0-0 d4 7. e3 c5 8. exd4 cxd4 9. d3 Nc6 10. Re1 Nd7 11. a3 a5 12. Nbd2 Re8 13. Qc2 h6 14. Rb1 Qb6 15. Ne4 Nc5 16. Nxc5 Bxc5 17. Ne5 Nxe5 18. Rxe5 Bd6 19. Rb5 Qc7 20. c5 Ra7 21. b4 axb4 22. axb4 Bd7 23. Rb6 Bf8 24. Qc4 e5 25. Bd2 Be6 26. Qc2 Rc8 27. Rb2 Ra1+ 28. Rb1 Ra2 29. Qd1 Rb8 30. Ra1 Bb3 31. Qe1 Rxa1 32. Qxa1 f5 33. Qa7 e4 34. Bf4 exd3 35. Bxc7 d2 36. Bf3 Re8 37. Kg2 Re1 38. Qxb7 Kh7 39. Bd6 Bxd6 40. Rxd6 Bd1 41. Bxd1 Rxd1 42. Rxd4 Kg6 43. Qc6+ Kh5 44. Qd6 g5 45. Rxd2 Rc1 46. Qd7 Rc4 47. Qf7+ Kg4 48. Qxc4+ f4 49. h3+ Kf5 50. Qd5+ Kg6 51. Qe6+ Kh5 52. g4+ Kh4 53. Qxh6# 1-0

[Event "Titled Tuesday intern op 07th Jan Early"]
[Site "Chess.com INT"]
[Date "2025.01.07"]
[Round "3"]
[White "Zielonka, Adam"]
[Black "Ugarte Soto, Cesar"]
[Result "1-0"]
[WhiteElo "2389"]
[BlackElo "2088"]
[PlyCount "57"]
[EventDate "2025.01.07"]
[EventType "swiss (blitz)"]
[EventRounds "11"]
[EventCountry "USA"]
[SourceTitle "CB03_2025"]
[SourceDate "2025.01.15"]
[SourceVersion "1"]
[SourceVersionDate "2025.01.15"]
[SourceQuality "1"]

1. c4 e6 2. Nf3 d5 3. b3 Nf6 4. g3 b6 5. Bg2 Bb7 6. 0-0 Nbd7 7. Bb2 Be7 8. e3 0-0 9. Qe2 c5 10. cxd5 exd5 11. d4 Re8 12. Nc3 a5 13. Rfd1 Ba6 14. Qc2 c4 15. bxc4 Bxc4 16. Ne5 Rc8 17. Nxc4 dxc4 18. e4 Nf8 19. e5 Ng4 20. h3 Nh6 21. d5 Bc5 22. Ne4 Ng6 23. e6 fxe6 24. dxe6 Qc7 25. Rd7 Qb8 26. Rxg7+ Kf8 27. Rxh7 Nf5 28. Rf7+ Kg8 29. Nf6+ 1-0

[Event "Krakow op-A 35th"]
[Site "Krakow"]
[Date "2024.12.28"]
[Round "2"]
[White "Demski, Michal"]
[Black "Zielonka, Adam"]
[Result "0-1"]
[WhiteElo "2167"]
[BlackElo "2352"]
[PlyCount "64"]
[EventDate "2024.12.27"]
[EventType "swiss"]
[EventRounds "9"]
[EventCountry "POL"]
[SourceTitle "CB02_2025"]
[SourceDate "2025.01.08"]
[SourceVersion "1"]
[SourceVersionDate "2025.01.08"]
[SourceQuality "1"]

1. e4 c5 2. Nf3 e6 3. d4 cxd4 4. Nxd4 Nc6 5. Nc3 a6 6. Nxc6 bxc6 7. Bd3 d5 8. 0-0 Nf6 9. Re1 Be7 10. e5 Nd7 11. Qg4 Kf8 12. Na4 h5 13. Qf4 Kg8 14. c4 a5 15. cxd5 cxd5 16. Bd2 g6 17. Rac1 h4 18. Qg4 Kg7 19. Rc6 Nf8 20. Rec1 Bd7 21. Rc7 Qb8 22. b3 Ra7 23. R7c2 Ba3 24. Rd1 Bb4 25. Bg5 Rh5 26. Bf6+ Kg8 27. Nc5 Bb5 28. Rdc1 Ba3 29. Nxe6 Bd7 30. Bxg6 fxg6 31. Rc7 Rxc7 32. Rxc7 Qxc7 0-1

[Event "Sant Boi de Llobregat op 5th"]
[Site "Sant Boi de Llobregat"]
[Date "2024.12.07"]
[Round "9"]
[White "Zielonka, Adam"]
[Black "Arizmendi Martinez, Julen Luis"]
[Result "1/2-1/2"]
[WhiteElo "2352"]
[BlackElo "2493"]
[PlyCount "65"]
[EventDate "2024.11.29"]
[EventType "swiss"]
[EventRounds "10"]
[EventCountry "ESP"]
[SourceTitle "CB50_2024"]
[SourceDate "2024.11.01"]
[SourceVersion "1"]
[SourceVersionDate "2024.11.01"]
[SourceQuality "2"]

1. e4 c5 2. Nf3 Nc6 3. Bb5 Qc7 4. 0-0 a6 5. Bxc6 dxc6 6. a4 a5 7. d4 Bg4 8. d5 Nf6 9. h3 Bh5 10. Re1 Rd8 11. c4 e5 12. Nbd2 Bg6 13. b3 Bd6 14. Nh4 Bh5 15. g4 Bg6 16. f4 h6 17. Nhf3 Nd7 18. f5 Bh7 19. Qe2 Be7 20. Nf1 g5 21. Bb2 f6 22. Rad1 cxd5 23. Rxd5 Bg8 24. Rd3 Nb8 25. Ne3 Rxd3 26. Qxd3 Nc6 27. Nd5 Qd6 28. Bc3 Bd8 29. Kg2 h5 30. Nf4 Qxd3 31. Nxd3 hxg4 32. hxg4 b6 33. Rh1 1/2-1/2

[Event "Sant Boi de Llobregat op 5th"]
[Site "Sant Boi de Llobregat"]
[Date "2024.12.06"]
[Round "8"]
[White "Gokerkan, Cem Kaan"]
[Black "Zielonka, Adam"]
[Result "1/2-1/2"]
[WhiteElo "2490"]
[BlackElo "2352"]
[PlyCount "144"]
[EventDate "2024.11.29"]
[EventType "swiss"]
[EventRounds "10"]
[EventCountry "ESP"]
[SourceTitle "CB50_2024"]
[SourceDate "2024.11.01"]
[SourceVersion "1"]
[SourceVersionDate "2024.11.01"]
[SourceQuality "2"]

1. d4 Nf6 2. Nf3 e6 3. c4 b6 4. g3 Bb7 5. Bg2 Be7 6. 0-0 0-0 7. Re1 a5 8. Nc3 Ne4 9. Qc2 Nxc3 10. bxc3 d6 11. h4 Qc8 12. e4 Nd7 13. Rb1 Re8 14. Nh2 Bf8 15. Ng4 a4 16. Ne3 Ra5 17. Rb5 Qa8 18. Ba3 Rxb5 19. cxb5 Nf6 20. Nd1 Qa5 21. Qe2 c5 22. bxc6 Bxc6 23. Bb4 Qa8 24. c4 e5 25. d5 Bd7 26. Nc3 g6 27. Rb1 Rc8 28. Bf1 Ne8 29. Ba3 Qa5 30. Qe3 Nc7 31. h5 Rb8 32. hxg6 hxg6 33. f4 Na6 34. fxe5 dxe5 35. d6 Bh6 36. Qe1 Bc6 37. Nd5 Qxe1 38. Rxe1 Bxd5 39. cxd5 Nc5 40. Bb5 Rd8 41. Kg2 Rxd6 42. Bxa4 Rd8 43. Bc6 Bf8 44. Rb1 Rb8 45. Kf3 Bd6 46. g4 Kg7 47. Rh1 Rh8 48. Rxh8 Kxh8 49. Bc1 Kg7 50. Be3 f6 51. Be8 Be7 52. Bf2 Bf8 53. Bg1 Be7 54. Bf2 Bf8 55. Be1 Bd6 56. Bc3 Bc7 57. Ke3 Bd6 58. Be1 Be7 59. Bb5 Kf7 60. Be2 Bf8 61. Bf3 Nb7 62. Kd3 Bc5 63. Bc3 g5 64. Bd1 Nd6 65. Ba4 Ke7 66. Bc6 Kd8 67. a4 Ke7 68. Bd2 Kd8 69. Be1 Ke7 70. a5 bxa5 71. Bxa5 Ba3 72. Be1 Bc5 1/2-1/2

[Event "Sant Boi de Llobregat op 5th"]
[Site "Sant Boi de Llobregat"]
[Date "2024.12.01"]
[Round "3"]
[White "Villa Tornero, Alex"]
[Black "Zielonka, Adam"]
[Result "0-1"]
[WhiteElo "2249"]
[BlackElo "2352"]
[PlyCount "76"]
[EventDate "2024.11.29"]
[EventType "swiss"]
[EventRounds "10"]
[EventCountry "ESP"]
[SourceTitle "CB50_2024"]
[SourceDate "2024.11.01"]
[SourceVersion "1"]
[SourceVersionDate "2024.11.01"]
[SourceQuality "2"]

1. e4 e5 2. Nf3 Nc6 3. Bb5 a6 4. Ba4 Nf6 5. 0-0 b5 6. Bb3 Bc5 7. c3 d6 8. a4 Rb8 9. d4 Bb6 10. a5 Ba7 11. h3 Bb7 12. Be3 Nxe4 13. Re1 exd4 14. cxd4 d5 15. Nc3 Ne7 16. Ng5 Nxg5 17. Bxg5 f6 18. Qh5+ Kf8 19. Be3 Qe8 20. Qf3 Qd7 21. Ne2 Re8 22. Rac1 c6 23. Ng3 Ng6 24. Bc2 Kf7 25. Bf5 Qd6 26. Rc2 Bxd4 27. Bxd4 Rxe1+ 28. Kh2 Bc8 29. Bc5 Qe5 30. Bb4 Bxf5 31. Qxf5 Qxf5 32. Nxf5 Re6 33. Nd6+ Rxd6 34. Bxd6 Rc8 35. Kg3 Ke6 36. Ba3 Kd7 37. f4 Re8 38. Kf3 Re4 0-1

[Event "Titled Tuesday intern op 24th Sep Early"]
[Site "Chess.com INT"]
[Date "2024.09.24"]
[Round "4"]
[White "Kaplan, Avi Harrison"]
[Black "Zielonka, Adam"]
[Result "0-1"]
[WhiteElo "2328"]
[BlackElo "2319"]
[PlyCount "96"]
[EventDate "2024.09.24"]
[EventType "swiss (blitz)"]
[EventRounds "11"]
[EventCountry "USA"]
[SourceTitle "EXT 2025"]
[Source "ChessBase"]
[SourceDate "2024.10.14"]
[SourceVersion "1"]
[SourceVersionDate "2024.10.14"]
[SourceQuality "1"]

1. e4 c5 2. Nf3 e6 3. Nc3 Nc6 4. g3 Nf6 5. Bg2 d5 6. exd5 exd5 7. 0-0 d4 8. Re1+ Be7 9. Ne2 0-0 10. d3 Bf5 11. h3 Qd7 12. g4 Be6 13. Ng3 Nd5 14. Ng5 Bxg5 15. Bxg5 h6 16. Bd2 Rfe8 17. f4 Qc7 18. Qf3 Ndb4 19. f5 Bd5 20. Qf2 Bxg2 21. Kxg2 Nxc2 22. Bf4 Nxe1+ 23. Rxe1 Qd7 24. f6 Rxe1 25. Qxe1 Re8 26. Qd2 g5 27. Ne4 gxf4 28. Qxf4 Kh7 29. Ng5+ Kg6 30. h4 Qd5+ 31. Ne4 c4 32. g5 cxd3 33. h5+ Kh7 34. g6+ fxg6 35. hxg6+ Kxg6 36. Qg4+ Kf7 37. Qg7+ Ke6 38. f7 Qxe4+ 39. Kh2 Qf4+ 40. Kg2 Qxf7 41. Qxh6+ Qf6 42. Qh3+ Qf5 43. Qh6+ Qf6 44. Qh3+ Kd6 45. Qg3+ Ne5 46. b4 Qf3+ 47. Qxf3 Nxf3 48. Kxf3 d2 0-1